书目信息 |
| 题名: |
中国景观史
|
|
| 作者: | 吴必虎 , 刘筱娟 著 | |
| 分册: | ||
| 出版信息: | 上海 上海人民出版社 2004.09 |
|
| 页数: | 479页 | |
| 开本: | 21cm | |
| 丛书名: | 专题史系列丛书 | |
| 单 册: | ||
| 中图分类: | K203 | |
| 科图分类: | ||
| 主题词: | 文化史--中国 | |
| 电子资源: | ||
| ISBN: | 7-208-05329-4 | |
| 000 | 00880nam 2200265 450 | |
| 001 | 0148206060 | |
| 005 | 20050926105253.68 | |
| 010 | @a7-208-05329-4@dCNY36.00 | |
| 100 | @a20050324d2004 km y0chiy0120 ea | |
| 101 | 0 | @achi |
| 102 | @aCN@b310000 | |
| 105 | @aa a 000yy | |
| 200 | 1 | @a中国景观史@Azhong guo jing guan shi@f吴必虎, 刘筱娟著@Fwu bi hu,liu xiao juan zhu |
| 210 | @a上海@c上海人民出版社@d2004.09 | |
| 215 | @a479页@c图@d21cm | |
| 225 | 2 | @a专题史系列丛书 |
| 320 | @a有书目。 | |
| 330 | @a本书将中华文化景观分为具象和非具象两大类,并对具象的聚落景观、产业景观、公共事业景观和非具象的民俗景观、语言文学景观、宗教景观进行了分类阐述。 | |
| 410 | 0 | @12001 @a专题史系列丛书 |
| 606 | 0 | @a文化史@y中国 |
| 690 | @aK203@v4 | |
| 701 | 0 | @a吴必虎@Awu bi hu@4著 |
| 701 | 0 | @a刘筱娟@Aliu xiao juan@4著 |
| 801 | 0 | @aCN@bQSSK@c20050926 |
| 905 | @a10447@dK203@eW742 | |
| 中国景观史/吴必虎, 刘筱娟著.-上海:上海人民出版社,2004.09 |
| 479页:图;21cm.-(专题史系列丛书) |
| ISBN 7-208-05329-4:CNY36.00 |
| 本书将中华文化景观分为具象和非具象两大类,并对具象的聚落景观、产业景观、公共事业景观和非具象的民俗景观、语言文学景观、宗教景观进行了分类阐述。 |
| ● |
| 相关链接 |
|
|
|
正题名:中国景观史
索取号:K203/W742
 
预约/预借
| 序号 | 登录号 | 条形码 | 馆藏地/架位号 | 状态 | 备注 |
| 1 | 527756 | 205277564 | 社科库309/309社科库 106排1列3层/ [索取号:K203/W742] | 在馆 | |
| 2 | 527757 | 205277573 | 社科库309/309社科库 106排1列3层/ [索取号:K203/W742] | 在馆 | |
| 3 | 527758 | 205277582 | 社科库309/309社科库 106排1列3层/ [索取号:K203/W742] | 在馆 |